Austria

Enregistré dans:
Détails bibliographiques
Format: Livre
Langue:anglais
Publié: Paris OECD 2011
Collection:OECD economic surveys
Sujets:
Tags: Ajouter un tag
Pas de tags, Soyez le premier à ajouter un tag!

MARC

LEADER 00000nam a2200000 4500
001 0143595
005 20240315120404.3
020 |a 978-92-64-09343-0 
022 |a 1995-3127 
041 0 |a eng 
044 |a FR 
245 1 0 |a Austria 
264 1 |a Paris  |b OECD  |c 2011 
300 |a 126 s. 
490 1 |a OECD economic surveys 
830 0 |a OECD economic surveys 
610 2 0 |a reformy štruktúrne 
610 2 0 |a vláda 
610 2 0 |a financie verejné 
610 2 0 |a dane 
610 2 0 |a náklady 
610 2 0 |a starostlivosť zdravotná 
610 2 0 |a štýl životný 
610 2 0 |a politika fiškálna 
610 2 0 |a zdaňovanie 
610 2 0 |a dane z dedičstva 
610 2 0 |a dane z darovania 
610 2 0 |a dôchodky zamestnanecké 
610 2 0 |a nezamestnanosť 
610 2 0 |a trh práce 
610 2 0 |a sily pracovné 
610 2 0 |a deficit 
610 2 0 |a Rakúsko